<?xml version="1.0" encoding="UTF-8"?>
<record
    xmlns:xsi="http://www.w3.org/2001/XMLSchema-instance"
    xsi:schemaLocation="http://www.loc.gov/MARC21/slim http://www.loc.gov/standards/marcxml/schema/MARC21slim.xsd"
    xmlns="http://www.loc.gov/MARC21/slim">

  <leader>01414nam0a2200301   4500</leader>
  <controlfield tag="001">RU\NLR\BIBL_A\012730233</controlfield>
  <controlfield tag="005">20260407233417.0</controlfield>
  <datafield tag="035" ind1=" " ind2=" ">
    <subfield code="a">(NLR Aleph) 012730233</subfield>
  </datafield>
  <datafield tag="090" ind1=" " ind2=" ">
    <subfield code="a">12969486</subfield>
    <subfield code="c">12969486</subfield>
  </datafield>
  <datafield tag="100" ind1=" " ind2=" ">
    <subfield code="a">20181106d1914    |||y0rusy50      ca</subfield>
  </datafield>
  <datafield tag="101" ind1="0" ind2=" ">
    <subfield code="a">rus</subfield>
  </datafield>
  <datafield tag="102" ind1=" " ind2=" ">
    <subfield code="a">RU</subfield>
  </datafield>
  <datafield tag="105" ind1=" " ind2=" ">
    <subfield code="a">y   g   000zy</subfield>
  </datafield>
  <datafield tag="200" ind1="1" ind2=" ">
    <subfield code="a">&#x41F;&#x440;&#x435;&#x439;&#x441;-&#x43A;&#x443;&#x440;&#x430;&#x43D;&#x442; &#x442;&#x43E;&#x432;&#x430;&#x440;&#x438;&#x449;&#x435;&#x441;&#x442;&#x432;&#x430; &#x41D;&#x430;&#x440;&#x432;&#x441;&#x43A;&#x43E;&#x439; &#x41B;&#x44C;&#x43D;&#x43E;&#x43F;&#x440;&#x44F;&#x434;&#x438;&#x43B;&#x44C;&#x43D;&#x43E;&#x439; &#x41C;&#x430;&#x43D;&#x443;&#x444;&#x430;&#x43A;&#x442;&#x443;&#x440;&#x44B;, &#x431;&#x44B;&#x432;&#x448;&#x435;&#x439; &#x41B;&#x44C;&#x43D;&#x43E;&#x43F;&#x440;&#x44F;&#x434;&#x438;&#x43B;&#x44C;&#x43D;&#x43E;&#x439; &#x424;&#x430;&#x431;&#x440;&#x438;&#x43A;&#x438; &#x411;&#x430;&#x440;&#x43E;&#x43D;&#x430; &#x410;.&#x41B;. &#x428;&#x442;&#x438;&#x433;&#x43B;&#x438;&#x446;&#x430;</subfield>
    <subfield code="e">1 &#x441;&#x435;&#x43D;&#x442;&#x44F;&#x431;&#x440;&#x44F; 1914 &#x433;.</subfield>
    <subfield code="f">&#x41F;&#x440;&#x430;&#x432;&#x43B;&#x435;&#x43D;&#x438;&#x435; &#x422;&#x43E;&#x432;&#x430;&#x440;&#x438;&#x449;&#x435;&#x441;&#x442;&#x432;&#x430; &#x432; &#x41F;&#x435;&#x442;&#x440;&#x43E;&#x433;&#x440;&#x430;&#x434;&#x435;</subfield>
  </datafield>
  <datafield tag="210" ind1=" " ind2=" ">
    <subfield code="a">&#x41F;&#x435;&#x442;&#x440;&#x43E;&#x433;&#x440;&#x430;&#x434;</subfield>
    <subfield code="c">&#x422;&#x438;&#x43F;&#x43E;-&#x41B;&#x438;&#x442;&#x43E;&#x433;&#x440;. &#x412;. &#x41A;&#x435;&#x43D;&#x435; &#x438; &#x41A;&#xBA;</subfield>
    <subfield code="d">1914</subfield>
  </datafield>
  <datafield tag="215" ind1=" " ind2=" ">
    <subfield code="a">13 &#x441;.</subfield>
    <subfield code="d">21</subfield>
  </datafield>
  <datafield tag="606" ind1="1" ind2=" ">
    <subfield code="a">&#x41F;&#x430;&#x440;&#x443;&#x441;&#x438;&#x43D;&#x430;</subfield>
    <subfield code="j">&#x41F;&#x440;&#x435;&#x439;&#x441;&#x43A;&#x443;&#x440;&#x430;&#x43D;&#x442;&#x44B;</subfield>
    <subfield code="9">1191236</subfield>
    <subfield code="3">RU\NLR\AUTH\66163040</subfield>
  </datafield>
  <datafield tag="606" ind1="1" ind2=" ">
    <subfield code="a">&#x411;&#x440;&#x435;&#x437;&#x435;&#x43D;&#x442;</subfield>
    <subfield code="j">&#x41F;&#x440;&#x435;&#x439;&#x441;&#x43A;&#x443;&#x440;&#x430;&#x43D;&#x442;&#x44B;</subfield>
    <subfield code="9">1191233</subfield>
    <subfield code="3">RU\NLR\AUTH\66163039</subfield>
  </datafield>
  <datafield tag="606" ind1="1" ind2=" ">
    <subfield code="a">&#x41B;&#x44C;&#x43D;&#x44F;&#x43D;&#x44B;&#x435; &#x442;&#x43A;&#x430;&#x43D;&#x438;</subfield>
    <subfield code="j">&#x41F;&#x440;&#x435;&#x439;&#x441;&#x43A;&#x443;&#x440;&#x430;&#x43D;&#x442;&#x44B;</subfield>
    <subfield code="x">&#x422;&#x43E;&#x440;&#x433;&#x43E;&#x432;&#x43B;&#x44F;</subfield>
    <subfield code="x">&#x426;&#x435;&#x43D;&#x44B;</subfield>
    <subfield code="9">1526445</subfield>
    <subfield code="3">RU\NLR\AUTH\66664226</subfield>
  </datafield>
  <datafield tag="620" ind1=" " ind2=" ">
    <subfield code="a">RU</subfield>
    <subfield code="d">&#x421;&#x430;&#x43D;&#x43A;&#x442;-&#x41F;&#x435;&#x442;&#x435;&#x440;&#x431;&#x443;&#x440;&#x433;</subfield>
  </datafield>
  <datafield tag="686" ind1="1" ind2=" ">
    <subfield code="a">&#x41C;321-9&#x44F;87</subfield>
  </datafield>
  <datafield tag="686" ind1="1" ind2=" ">
    <subfield code="a">&#x41C;47&#x44F;87</subfield>
  </datafield>
  <datafield tag="710" ind1="0" ind2="2">
    <subfield code="a">&#x41D;&#x430;&#x440;&#x432;&#x441;&#x43A;&#x430;&#x44F; &#x43B;&#x44C;&#x43D;&#x43E;&#x43F;&#x440;&#x44F;&#x434;&#x438;&#x43B;&#x44C;&#x43D;&#x430;&#x44F; &#x43C;&#x430;&#x43D;&#x443;&#x444;&#x430;&#x43A;&#x442;&#x443;&#x440;&#x430;</subfield>
    <subfield code="3">RU\NLR\AUTH\8810159684</subfield>
    <subfield code="9">814908</subfield>
  </datafield>
  <datafield tag="852" ind1=" " ind2=" ">
    <subfield code="a">NLR</subfield>
    <subfield code="j">40.3.7.290</subfield>
  </datafield>
  <datafield tag="942" ind1=" " ind2=" ">
    <subfield code="c">BOOK</subfield>
  </datafield>
  <datafield tag="980" ind1=" " ind2=" ">
    <subfield code="a">NB</subfield>
  </datafield>
  <datafield tag="995" ind1=" " ind2=" ">
    <subfield code="5">2022-03-15</subfield>
    <subfield code="b">NLR02</subfield>
    <subfield code="c">NLR02</subfield>
    <subfield code="e">RFS</subfield>
    <subfield code="f">ERR-236199</subfield>
    <subfield code="k">40.3.7.290</subfield>
    <subfield code="o">0</subfield>
    <subfield code="r">BOOK</subfield>
    <subfield code="s">4037290_</subfield>
  </datafield>
</record>
